Hoi4 TNO All Countries Quiz - Statistics

General Stats
  • This quiz has been taken 970 times
    23 since last reset
  • The average score is 107 of 193
Answer Stats
Europe % Correct
French State
100%
United Kingdom
100%
Free France
100%
Kingdom of Denmark
100%
Kingdom of Sweden
100%
Regno D'Italia
100%
Reichskommissariat Norwegen
100%
Republic of Ireland
100%
Dai-Nippon Teikoku
91%
Großgermanisches Reich
91%
Kingdom of Afghanistan
91%
Kingdom of Hungary
91%
Principality of Andorra
91%
Republic of China
91%
Republic of Turkey
91%
San Marino
91%
Swiss Confederation
91%
Dominion of Canada
82%
Hellenic State
82%
Iberian Union
82%
Iceland
82%
Imperial State of Iran
82%
Regno d'Albania
82%
Reichskomissariat Niederlande
82%
Reichskommissariat Ukraine
82%
Republic of Finland
82%
Republic of Indonesia
82%
Republic of Iraq
82%
Syrian National State
82%
Tsardom of Bulgaria
82%
United States of America
82%
Vatican City
82%
VI. Inspectorate-General
82%
Bhutan
73%
Commonwealth of Australia
73%
Dahomey
73%
El Salvador
73%
Emirate of Transjordan
73%
Empire of Manchuria
73%
Empire of Vietnam
73%
Generalgouvernement
73%
Honduras
73%
Independent State of Serbia
73%
Italian East Africa
73%
Kingdom of fEgypt
73%
Kingdom of Nepal
73%
Kingdom of Romania
73%
Monaco
73%
Mutawakkilite Kingdom of Yemen
73%
New Zealand
73%
Nicaragua
73%
Ordensstaat Burgund
73%
Reichskommissariat Moskowien
73%
Reichskommissariat Ostland
73%
Republic of India
73%
Republic of Panama
73%
Slovak Republic
73%
Sultanato di Mascate e Oman
73%
Union of South Africa
73%
United Mexican States
73%
AFRSR
64%
Aïr
64%
Algerian Military Command
64%
Argentine Republic
64%
British Honduras
64%
Buryatia
64%
Colombian Revolutionary Union
64%
Costa Rica
64%
Dominican Republic
64%
Ecuador
64%
Guyana
64%
Haiti
64%
Kanem
64%
Kingdom of Croatia
64%
Kingdom of Laos
64%
Kingdom of Montenegro
64%
Kingdom of Saudi Arabia
64%
Liberia
64%
New Granada
64%
Reichskommissariat Kaukausien
64%
Republic of Bolivia
64%
Republic of Chile
64%
Republic of Colombia
64%
Republic of Cuba
64%
Republic of Fiji
64%
Republic of Kampuchea
64%
Republic of Paraguay
64%
Republic of Peru
64%
Republic of Thailand
64%
Republic of Venezuela
64%
Second Philippine Republic
64%
Shōnan-Marai Gunseibu
64%
Stati della Tregua
64%
Suriname
64%
Territorio Militare Algerino
64%
Tibet
64%
UMAJF
64%
Union of Burma
64%
United States of Brazil
64%
Uruguay
64%
Cameroonian African State
55%
French Madagascar
55%
Ghana
55%
Governatorato della Palestina
55%
Guatemala
55%
Kamchatka
55%
Kazakh Soviet Socialist Republic
55%
Komi Republic
55%
Kyrgyz Soviet Socialist Republic
55%
Magadan
55%
Omsk
55%
Onega
55%
People's Revolutionary Council
55%
Republic of Guinea
55%
Republic of Mali
55%
Siberian Black Army
55%
State of Guangdong
55%
Tomsk
55%
Uzbek Soviet Socialist Republic
55%
Yunnan Province
55%
Bashkortostan
45%
Jinshaan Administrative Office
45%
Lebanese Republic
45%
Novosibirsk
45%
Regno di Tunisia
45%
Sakha Republic
45%
Samara
45%
Senegal
45%
Sierra Leone
45%
Tajik Soviet Socialist Republic
45%
Tatarstan
45%
Turkmen Soviet Socialist Republic
45%
Vologda
45%
West Russian Revolutionary Front
45%
Xinjiang Border Defense Administration
45%
Aryan Brotherhood
36%
Azad Hind Government
36%
Faroe Islands
36%
Gorky
36%
Guangxi Province
36%
Irkutsk
36%
Orenburg
36%
Reichskommissariat Ostafrika
36%
Reichskommissariat Südwestafrika
36%
Reichskommissariat Zentralafrika
36%
Republic of Armenia
36%
Republic of Ceylon
36%
Transnistria Governorate
36%
Tyumen
36%
Ural League
36%
Vorkuta
36%
Vyatka
36%
Yugra
36%
Zlatoust
36%
Amur
27%
Argentine Antarctic Sector
27%
Chilean Antarctic Territory
27%
Dirlewanger Brigade
27%
French Southern and Antarctic Lands
27%
Kemerovo
27%
Magnitogorsk
27%
Mauritania
27%
Mengjiang United Autonomous Government
27%
N.C.S.Z.
27%
Neuschwabenland
27%
Nippon-ryō Nankyoku Chiiki
27%
OFN Antarctic Administration
27%
Sikkim
27%
Sverdlovsk
27%
Union of Baloch States
27%
Azawad
18%
Chita
18%
Free Aviators
18%
Gayny
18%
Guiana-Caiena
18%
Haute-Volta
18%
North-West Frontier Province
18%
NRA 24th Army
18%
NRA 40th Army Group
18%
Oyrotia
18%
People's Republic of Karakalpakstan
18%
Santa Cruz
18%
Sokoto
18%
Turkestan Legion
18%
Viet Minh
18%
West Indies Federation
18%
Casamance
9%
Free Philippine Republic
9%
Guizhou Province
9%
Krasnoyarsk
9%
Nanpo Gunseikan
9%
Yorubaland
9%
Northwestern Security Command
0%
No matching quizzes found
Score Distribution
Percent of People with Each Score
Percentile by Number Answered
Your Score History
You have not taken this quiz since the last reset